000 00357nam a2200133 i 4500
001 bg
100 1 _aNEUMYVAKIN, Ju. K.
245 0 _aPrakticeskoe rukovodstvo po geodezii dlja architekturnoj slużby rajona /
_cJu.K. Neumyvakin.
260 _aMoskwa,
_c1973.
040 _cBPK
041 _apol
942 _cKS
008 s pl f |000 0 pol
999 _c15522
_d15522
856 _uhttp://koha.tu.koszalin.pl/cgi-bin/koha/opac-detail.pl?biblionumber=15522
_yKatalog online BPK